Winfield Scott orderly book, (Record no. 43851)

MARC details
000 -LEADER
fixed length control field 01225cpcaa2200301 a 4500
001 - CONTROL NUMBER
control field mm 83001401
003 - CONTROL NUMBER IDENTIFIER
control field DLC
005 - DATE AND TIME OF LATEST TRANSACTION
control field 20260227111718.0
008 - FIXED-LENGTH DATA ELEMENTS--GENERAL INFORMATION
fixed length control field 830926|||||||||||| eng
010 ## - LIBRARY OF CONGRESS CONTROL NUMBER
LC control number mm 83001401
040 ## - CATALOGING SOURCE
Original cataloging agency DLC
Transcribing agency DLC
Description conventions dacs
Modifying agency DLC
072 #7 - SUBJECT CATEGORY CODE
Subject category code N
Source lcmd
100 1# - MAIN ENTRY--PERSONAL NAME
Personal name Scott, Winfield,
Dates associated with a name 1786-1866.
245 00 - TITLE STATEMENT
Title Winfield Scott orderly book,
Inclusive dates 1847-1848.
300 ## - PHYSICAL DESCRIPTION
Extent 1
Type of unit volume.
506 0# - RESTRICTIONS ON ACCESS NOTE
Terms governing access Open to research.
520 8# - SUMMARY, ETC.
Summary, etc. Orderly book (1847 February 18-1848 May 17) containing printed orders issued by Scott and a few by Gen. William Orlando Butler during the Mexican War. Orders signed by Scott's aide, H. L. Scott.
545 0# - BIOGRAPHICAL OR HISTORICAL DATA
Biographical or historical data Army officer.
546 ## - LANGUAGE NOTE
Language note Collection material in English.
580 ## - LINKING ENTRY COMPLEXITY NOTE
Linking entry complexity note Forms part of: Miscellaneous Manuscripts collection.
600 10 - SUBJECT ADDED ENTRY--PERSONAL NAME
Personal name Butler, William Orlando,
Dates associated with a name 1791-1880.
600 10 - SUBJECT ADDED ENTRY--PERSONAL NAME
Personal name Scott, H. L.
Fuller form of name (Henry Lee),
Dates associated with a name 1814-1886.
610 10 - SUBJECT ADDED ENTRY--CORPORATE NAME
Corporate name or jurisdiction name as entry element United States.
Subordinate unit Army
General subdivision History
Chronological subdivision Mexican War, 1846-1848.
610 10 - SUBJECT ADDED ENTRY--CORPORATE NAME
Corporate name or jurisdiction name as entry element United States.
Subordinate unit Army
Form subdivision Order-books.
650 #0 - SUBJECT ADDED ENTRY--TOPICAL TERM
Topical term or geographic name entry element Mexican War, 1846-1848.
656 #7 - INDEX TERM--OCCUPATION
Occupation Army officers.
Source of term itoamc

No items available.

Powered by Koha